Films of Robert De Niro by Picture - Statistics

General Stats
  • This quiz has been taken 58 times
  • The average score is 12 of 22
Answer Stats
Picture Hint Answer % Correct
1976 : Martin Scorsese Taxi Driver
96%
1990 : Martin Scorsese Goodfellas
90%
1974 : Francis Ford Coppola The Godfather Part II
88%
1995 : Martin Scorsese Casino
86%
1980 : Martin Scorsese Raging Bull
84%
2019 : Martin Scorsese The Irishman
84%
1995 : Michael Mann Heat
76%
1984 : Sergio Leone Once Upon a Time in America
73%
1997 : Quentin Tarantino Jackie Brown
59%
1982 : Martin Scorsese The King of Comedy
59%
2023 : Martin Scorsese Killers of the Flower Moon
55%
1991 : Martin Scorsese Cape Fear
53%
1973 : Martin Scorsese Mean Streets
51%
1993 : Robert De Niro A Bronx Tale
45%
1985 : Terry Gilliam Brazil
39%
1997 : James Mangold Cop Land
37%
1998 : John Frankenheimer Ronin
31%
1988 : Martin Brest Midnight Run
29%
1986 : Roland Joffé The Mission
29%
1987 : Alan Parker Angel Heart
25%
1996 : Barry Levinson Sleepers
25%
1997 : Barry Levinson Wag the Dog
18%
No matching quizzes found
Score Distribution
Percent of People with Each Score
Percentile by Number Answered
Your Score History
You have not taken this quiz